Sei capitali più vicine: Atene - Statistics

Statistiche generali
  • Questo quiz è stato fatto 40 volte
  • Il punteggio medio è 4 su 6
Statistiche sulle risposte
km capitale % Corretto
490 Skopje
75%
527 Sofia
75%
502 Tirana
75%
565 Pristina
63%
626 Podgorica
50%
745 Bucarest
31%
Nessun quiz corrispondente trovato
Distribuzione punteggi
Percentuale di utenti per punteggio
Percentile per numero di risposta
I tuoi punteggi nel tempo
Non hai fatto questo quiz